<?xml version="1.0" encoding="UTF-8"?>
<record
    xmlns:xsi="http://www.w3.org/2001/XMLSchema-instance"
    xsi:schemaLocation="http://www.loc.gov/MARC21/slim http://www.loc.gov/standards/marcxml/schema/MARC21slim.xsd"
    xmlns="http://www.loc.gov/MARC21/slim">

  <leader>01871nrm a2200337 ia4500</leader>
  <controlfield tag="005">20231106144842.0</controlfield>
  <controlfield tag="008">231018s2023    my                  eng d</controlfield>
  <datafield tag="024" ind1=" " ind2=" ">
    <subfield code="a">4548030531423</subfield>
    <subfield code="c">RM 2, 875.00</subfield>
  </datafield>
  <datafield tag="040" ind1=" " ind2=" ">
    <subfield code="b">eng</subfield>
    <subfield code="c">PPAK </subfield>
    <subfield code="a">PPAK</subfield>
    <subfield code="e">rda</subfield>
  </datafield>
  <datafield tag="082" ind1="0" ind2="4">
    <subfield code="a">629.893</subfield>
    <subfield code="2">23</subfield>
  </datafield>
  <datafield tag="090" ind1="0" ind2="0">
    <subfield code="a">629.893</subfield>
    <subfield code="b">ART</subfield>
    <subfield code="d">R</subfield>
  </datafield>
  <datafield tag="245" ind1="0" ind2="0">
    <subfield code="a">ArTeC Robo :</subfield>
    <subfield code="b">Basic</subfield>
  </datafield>
  <datafield tag="264" ind1=" " ind2="1">
    <subfield code="a">Osaka, Japan : </subfield>
    <subfield code="b">Artec Co., Ltd., </subfield>
    <subfield code="c">2023</subfield>
  </datafield>
  <datafield tag="300" ind1=" " ind2=" ">
    <subfield code="a">1 box : </subfield>
    <subfield code="b">120 pieces Block Parts, 3 Servomotor, 2 DC motor &amp; Parts, 1 Studuino, 1 Battery box, 1 Blue LED, 1 Red LED, 1 White LED, 1 Green LED, 1 Buzzer, 1 Accelerometer, 1 Sound Sensor, 1 Touch Sensor, 2 Infrared Sensor, 1 Light Sensor, 12 Cables, 1 Block Remover ;</subfield>
    <subfield code="c">380x270x72mm. +</subfield>
    <subfield code="e">1 Setup Guide</subfield>
  </datafield>
  <datafield tag="336" ind1=" " ind2=" ">
    <subfield code="a">object</subfield>
    <subfield code="2">rdacontent</subfield>
  </datafield>
  <datafield tag="337" ind1=" " ind2=" ">
    <subfield code="a">unmediated</subfield>
    <subfield code="2">rdamedia</subfield>
  </datafield>
  <datafield tag="338" ind1=" " ind2=" ">
    <subfield code="a">volume</subfield>
    <subfield code="2">rdacarrier</subfield>
  </datafield>
  <datafield tag="500" ind1=" " ind2=" ">
    <subfield code="a">Build multiple programmable robots!</subfield>
  </datafield>
  <datafield tag="500" ind1=" " ind2=" ">
    <subfield code="a">Download free software and instructions from www.artec-kk.co.jp/ artecrobo</subfield>
  </datafield>
  <datafield tag="505" ind1=" " ind2=" ">
    <subfield code="a">Build multiple programmable robots such as:</subfield>
  </datafield>
  <datafield tag="505" ind1=" " ind2=" ">
    <subfield code="t">1. Transporter</subfield>
  </datafield>
  <datafield tag="505" ind1=" " ind2=" ">
    <subfield code="t">2. Line Tracer</subfield>
  </datafield>
  <datafield tag="505" ind1=" " ind2=" ">
    <subfield code="t">3.Sensor Melody Light Robot </subfield>
  </datafield>
  <datafield tag="505" ind1=" " ind2=" ">
    <subfield code="t">4. Arm Robot Car</subfield>
  </datafield>
  <datafield tag="505" ind1=" " ind2=" ">
    <subfield code="t">5. Doggy Robot</subfield>
  </datafield>
  <datafield tag="505" ind1=" " ind2=" ">
    <subfield code="t">6.Sensor Controlled Robot</subfield>
  </datafield>
  <datafield tag="538" ind1=" " ind2=" ">
    <subfield code="a">Windows:
1. OS: XP / Vista / 7/ 8 / 8.1 / 10 (32 bit/64 bit)
2. CPU: Pentium 4, 2 GHz or higher (or equivalent) recommended
3. Memory: 256 MB or higher
4. USB: USB2.0 port
5. Software: Microsoft. NET Framework 4 is required to use this software (automatically installed with the Studuino software)
6. Screen Size: XGA (1024x768) or higher</subfield>
  </datafield>
  <datafield tag="538" ind1=" " ind2=" ">
    <subfield code="a">Mac (Block Programming Environment only)
1. OS: Mac OS x 10.6 or higher
2. Hardware: Minimum required by OS (check the Apple website to confirm) 
3. USB: USB2.0 port</subfield>
  </datafield>
  <datafield tag="538" ind1=" " ind2=" ">
    <subfield code="a">Requires three AA/ LR6 batteries (sold separetely)</subfield>
  </datafield>
  <datafield tag="942" ind1=" " ind2=" ">
    <subfield code="2">ddc</subfield>
    <subfield code="c">GAM</subfield>
  </datafield>
  <datafield tag="999" ind1=" " ind2=" ">
    <subfield code="c">193380</subfield>
    <subfield code="d">193380</subfield>
  </datafield>
</record>
